| 000 | 01456nam0a22002771 4500 | ||
|---|---|---|---|
| 001 | rc\1074352 | ||
| 005 | 20260407111608.0 | ||
| 035 | _a(NLR Aleph) 006234010 | ||
| 090 |
_a6602217 _c6602217 |
||
| 100 | _a20041129d1980 |||y0rusy50 ca | ||
| 101 | 0 | _arus | |
| 102 | _aRU | ||
| 105 | _ay ||||||||| | ||
| 200 | 1 |
_aБольшевики Красноярска в революции 1905-1907 годов _eМетод. рекомендации в помощь лектору, пропагандисту, докладчику _fДом полит. просвещения Краснояр. краев. ком. КПСС, Краснояр. краев. орг. о-ва "Знание" РСФС. Науч.-метод. совет по пропаганде КПСС и истории СССР _g[Подгот.: к. ист. н. Я.М. Кофман] |
|
| 210 |
_aКрасноярск _cБ. и. _d1980 |
||
| 215 |
_a24 с. _d20 |
||
| 300 | _aНа тит. л. и обл.: К 75-летию первой рус. революции | ||
| 320 | _aБиблиогр.: с. 24 | ||
| 512 | 0 | _aК 75-летию первой рус. революции | |
| 702 | 1 |
_aКофман _bЯ.М. _gЯков Михайлович _4570 |
|
| 712 | 0 | 2 |
_aКрасноярский краевой дом политического просвещения _3RU\NLR\AUTH\889939300 _9373471 |
| 801 | 0 |
_aRU _bNLR _gpsbo |
|
| 801 | 1 |
_aRU _bELAR _2rusmarc |
|
| 852 |
_aNLR _j80-4/27971 |
||
| 942 | _cBOOK | ||
| 980 | _aNB | ||